000
00299nam a2200121Ia 4500
008
220216s9999 xx 000 0 und d
100
_a
Kadir Abdul Aziz S A
245
0
_a
RRIM: Seventy years in rubber research
260
_b
Rubber Asia
_c
1995
300
_a
75-78
700
_a
Kaw H W
942
_c
JS
999
_c
67377
_d
67377